Project Management (Record no. 89254)

MARC details
000 -LEADER
fixed length control field 00469nam a2200193Ia 4500
008 - FIXED-LENGTH DATA ELEMENTS--GENERAL INFORMATION
fixed length control field 230125s9999 xx 000 0 und d
041 ## - LANGUAGE CODE
Language code of text/sound track or separate title eng
082 ## - DEWEY DECIMAL CLASSIFICATION NUMBER
Classification number 658.404
Item number DES
100 ## - MAIN ENTRY--PERSONAL NAME
Personal name Desai V
9 (RLIN) 106233
245 ## - TITLE STATEMENT
Title Project Management
250 ## - EDITION STATEMENT
Edition statement 3rd Ed.
260 ## - PUBLICATION, DISTRIBUTION, ETC. (IMPRINT)
Date of publication, distribution, etc. 2009
Name of publisher, distributor, etc. Himalaya Publishing House
Place of publication, distribution, etc. Pune
300 ## - PHYSICAL DESCRIPTION
Extent 871p
500 ## - GENERAL NOTE
Keywords Project management
650 ## - SUBJECT ADDED ENTRY--TOPICAL TERM
Topical term or geographic name as entry element Management
700 ## - ADDED ENTRY--PERSONAL NAME
Personal name Desai V
9 (RLIN) 106233
906 ## - LOCAL DATA ELEMENT F, LDF (RLIN)
b 78
Holdings
Withdrawn status Lost status Damaged status Not for loan Home library Current library Date acquired Vendor Cost, normal purchase price Bill number Full call number Barcode Date last seen Cost, replacement price Bill Date Koha item type Original Barcode
Withdrawn 2022-23       Smt. Hiraben Nanavati Institute of Management & Research for Women Smt. Hiraben Nanavati Institute of Management & Research for Women 15/02/2010 Pritam Book Centre 390.00 6641 658.404 DES B08270 HIMR-BK-8270 25/01/2023 312.00 05/02/2010 Books B08270